| 000 | 00804nam a2200193 i 4500 | ||
|---|---|---|---|
| 001 | 186027 | ||
| 003 | ES-MaACL | ||
| 005 | 20250805063324.0 | ||
| 008 | 160905s1943 sp |||| | spa d | ||
| 100 | 1 |
_aMeléndez, Bermudo, _d1912-1999 _979905 |
|
| 245 | 1 | 4 |
_aLos terrenos cámbricos de la península hispánica / _cBermudo Meléndez Meléndez. |
| 260 |
_aMadrid : _bConsejo Superior de Investigaciones Científicas, _c1943. |
||
| 300 |
_a179 p. , 45 lám. ; _c24 cm. |
||
| 490 | 1 |
_aTrabajos del Instituto de Ciencias Naturales "José de Acosta". Serie geológica ; _v1 |
|
| 650 | 4 |
_aEstratigrafía- _zEspaña. _9142270 |
|
| 830 | 0 |
_aTrabajos del Instituto de Ciencias Naturales "José de Acosta". Serie geológica ; _v1 _9192461 |
|
| 852 |
_aES-MaACL _jE-4674 |
||
| 999 |
_c186027 _d186027 |
||